| 000 | 00372nam a22001457a 4500 | ||
|---|---|---|---|
| 020 | _a0195107225 | ||
| 040 | _cNust | ||
| 082 |
_a621.3822 _bCHE |
||
| 100 |
_aCHEN _9125283 |
||
| 245 | _aSystem and signal analysis | ||
| 250 | _a2nd Edition | ||
| 260 |
_aNew York: _bOxford University Press, _c1994. |
||
| 650 |
_aSystem and signal analysis _9125284 |
||
| 942 |
_2ddc _cBK |
||
| 999 |
_c611046 _d611046 |
||